Najwięksi odbiorcy pomocy zagranicznej - Statystyki

Ogólne statystyki
  • Ten quiz został rozwiązany 108 razy
  • Średni wynik to 11 z 20
Statystyki odpowiedzi
$ Otrzymano Państwo % Poprawnych
9.99 bil Syria
80%
2.30 bil Irak
76%
2.51 bil Demokratyczna Republika Konga
72%
4.93 bil Etiopia
72%
1.53 bil Somalia
71%
3.30 bil Nigeria
68%
3.79 bil Afganistan
61%
2.45 bil Indie
61%
1.58 bil Sudan Południowy
59%
2.49 bil Kenia
58%
7.99 bil Jemen
52%
2.06 bil Egipt
49%
3.04 bil Bangladesz
46%
2.45 bil Tanzania
45%
1.94 bil Uganda
45%
1.82 bil Mozambik
44%
2.53 bil Jordania
43%
1.69 bil Mjanma
41%
1.63 bil Wietnam
40%
1.76 bil Kolumbia
22%
Nie znaleziono quizów pasujących do podanych kryteriów
Rozkład punktacji
Procent ludzi z każdym wynikiem
Percentyl według liczby udzielonych odpowiedzi
Twoja historia wyników
Nie rozwiązałeś tego quizu